000
002680000a22000970004500
100
1
_a
Ram, Eric R.
245
1
0
_a
Hablemos de salud : Información es poder
300
_a
Vol. 10, Num 4 (Octubre-Diciembre, 1991) Páginas 30-31
773
0
_t
Iglesia y Misión
942
_c
ANA
999
_c
51941
_d
51941